Letras do Alfabeto Grego - Statistics

Estatísticas Gerais
  • Esse quiz foi jogado 5 776 vezes
  • A pontuação média é 11 de 24
Estatísticas das Respostas
Letra % Correto
Alfa
98%
Beta
95%
Ômega
77%
Delta
75%
Gama
73%
Pi
54%
Teta
52%
Zeta
46%
Sigma
45%
Épsilon
40%
Lambda
40%
Mi
40%
Fi
38%
33%
Ômicron
32%
Psi
32%
Ni
31%
Eta
29%
Iota
27%
Tau
27%
Capa
26%
Úpsilon
26%
Csi
25%
Qui
23%
Nenhum quiz correspondente encontrado
Distribuição das Pontuações
Porcentagem de Pessoas com Cada Pontuação
Percentil de Números Respondidos
Sua Pontuação Histórica
Você não jogou esse quiz